The elements of social justice / (Record no. 34147)
[ view plain ]
| 000 -LEADER | |
|---|---|
| fixed length control field | 00761nam a2200253 a 4500 |
| 001 - CONTROL NUMBER | |
| control field | 34147 |
| 003 - CONTROL NUMBER IDENTIFIER | |
| rucl marc code | BD-RjUL |
| 005 - DATE AND TIME OF LATEST TRANSACTION | |
| control field | 20211209052119.0 |
| 008 - FIXED-LENGTH DATA ELEMENTS--GENERAL INFORMATION | |
| fixed length control field | 140514r19491922enk 001 0 eng d |
| 035 ## - SYSTEM CONTROL NUMBER | |
| System control number | (BD-RjUL)34241 |
| 040 ## - CATALOGING SOURCE | |
| Original cataloging agency | DLC |
| Transcribing agency | FNP |
| Modifying agency | m.c |
| -- | BD-RjUL |
| Language of cataloging | eng |
| 041 ## - LANGUAGE CODE | |
| Language code of text/sound track or separate title | eng |
| 082 ## - DEWEY DECIMAL CLASSIFICATION NUMBER | |
| Classification number | 302.15 |
| Author mark and year | HOE 1949 |
| 100 1# - MAIN ENTRY--PERSONAL NAME | |
| Personal name | Hobhouse, L. T. |
| Fuller form of name | (Leonard Trelawny), |
| Dates associated with a name | 1864-1929. |
| 9 (RLIN) | 91566 |
| 245 14 - TITLE STATEMENT | |
| Title | The elements of social justice / |
| Statement of responsibility, etc. | by L.T. Hobhouse |
| 260 ## - PUBLICATION, DISTRIBUTION, ETC. (IMPRINT) | |
| Place of publication, distribution, etc. | London : |
| Name of publisher, distributor, etc. | G. Allen & Unwin, |
| Date of publication, distribution, etc. | 1922 [Impression 1949]. |
| 300 ## - PHYSICAL DESCRIPTION | |
| Pagination | [6] 208 p. ; |
| Size | 22 cm |
| 504 ## - BIBLIOGRAPHY, ETC. NOTE | |
| Bibliography, etc | Includes bibliographical references and index. |
| 650 #0 - SUBJECT ADDED ENTRY--TOPICAL TERM | |
| Topical term or geographic name as entry element | Social ethics |
| 9 (RLIN) | 5055 |
| Topical term or geographic name as entry element | Sociology |
| 9 (RLIN) | 103795 |
| 942 ## - ADDED ENTRY ELEMENTS (KOHA) | |
| Source of classification or shelving scheme | Dewey Decimal Classification |
| Koha item type | Books |
| Lost status | Source of classification or shelving scheme | Damaged status | Not for loan | Collection code | Permanent Location | Current Location | Shelving location | Date acquired | Source of acquisition | Cost, normal purchase price | Total Checkouts | Full call number | Date last seen | Copy number | Koha item type |
|---|---|---|---|---|---|---|---|---|---|---|---|---|---|---|---|
| Dewey Decimal Classification | Not For Loan | Non-fiction | Central Library, University of Rajshahi | Central Library, University of Rajshahi | Reading Room | 14/05/1955 | W.B.C. Dhaka | 7.60 | 302.15 HOE 1949 | 14/05/2014 | C-1 | Books |